000 01204nam a2200253 a 4500
001 000003293
005 20200929150415.0
008 090824s2015 dr 001 0 spa d
020 _a9789945166521
040 _aDO-SdBNP
_bspa
_cBNPHU
082 _a460.7
_bA475c, 2015
100 1 _aAlvino Romero, Sonia
_9520
245 1 0 _aCurso básico de lengua española para un aprendizaje activo /
_cSonia Alvino Romero.
250 _a2a ed.
260 _aSanto Domingo :
_bBúho,
_c2015.
300 _a145 p. ;
_c28 cm.
504 _aBibliografía : p. 143-145
505 0 _tLa comunicación es importante --
_tLa lectura --
_tLa lengua --
_tLa oración --
_tEl resumen --
_tUso de las formas verbales --
_tLa palabra --
_tLa acentuación --
_tUso de la letra mayúsculas --
_tLos signos de puntuación --
_tLa bibliografía --
_tLa narración --
_tLa descripción
_tEl párrafo --
_tLa exposición --
_tTextos para lectura--
_tBibliografía
650 4 _aEspañol
_xEstudio y enseñanza
_9521
650 4 _aEspañol
_xEjercicios de redacción
_9522
650 4 _aEspañol
_xGramática
_xEstudio y enseñanza
_9524
650 4 _aEspañol
_xGramática
_xEjercicios de redacción
_9525
910 _aValidado. Control de calidad MFF
999 _c3124
_d3124